| 000 | 00485nam a2200193Ia 4500 | ||
|---|---|---|---|
| 003 | OSt | ||
| 005 | 20240805112223.0 | ||
| 008 | 210210b1955 xxu||||| |||| 00| 0 eng d | ||
| 040 | _cAL | ||
| 041 | _aHindi | ||
| 082 | _a869/229 | ||
| 100 |
_aJAIN (Rishba Charan) _dऋषब चरण जैन _9175129 |
||
| 245 |
_aBhagya _bभाग्य |
||
| 260 |
_aLakhno _b- _c1955 |
||
| 650 |
_aBhAgya _9175130 |
||
| 690 |
_aHindi Fiction _9175131 |
||
| 906 | _a024027 | ||
| 942 |
_2ddc _cBK |
||
| 999 |
_c148991 _d148991 |
||